[Event "Mediterranean op 7th"]
[Site "Rijeka"]
[Date "2014.11.09"]
[Round "2"]
[White "Beric, Zeljko"]
[Black "Vujic, Agata"]
[Result "0-1"]
[WhiteElo "1897"]
[BlackElo "1570"]
[PlyCount "92"]
[EventDate "2014.11.08"]
[EventType "swiss"]
[EventRounds "9"]
[EventCountry "CRO"]
[SourceTitle "CBM 163 Extra"]
[Source "ChessBase"]
[SourceDate "2014.12.23"]
[SourceVersion "1"]
[SourceVersionDate "2014.12.23"]
[SourceQuality "1"]

1. e4 e5 2. Nf3 Nf6 3. Nc3 Nc6 4. Bb5 a6 5. Bxc6 dxc6 6. Nxe5 Nxe4 7. Nxe4 Qd4 8. 0-0 Qxe5 9. d4 Qf5 10. Re1 Be6 11. Ng3 Qg6 12. d5 0-0-0 13. c4 cxd5 14. cxd5 Rxd5 15. Qf3 Bb4 16. Rf1 h5 17. Bf4 h4 18. Rac1 Bd6 19. Bxd6 Rxd6 20. Ne4 Rd7 21. Nc5 Bd5 22. Qh3 Be6 23. Qf3 Bd5 24. Qh3 Be6 25. Nxe6 Qxe6 26. Qxe6 fxe6 27. Rfe1 Rh6 28. Re2 g5 29. f3 Rg6 30. Rce1 Rd6 31. h3 Kd7 32. Kf2 Rd5 33. Re4 Kd6 34. R1e2 e5 35. b4 Ke6 36. a4 Kf5 37. g4+ hxg3+ 38. Kxg3 Rh6 39. Rc2 c6 40. Rc5 Rxc5 41. bxc5 Rh4 42. Rg4 a5 43. Kg2 Rxg4+ 44. fxg4+ Kf4 45. Kf2 e4 46. Ke2 Kg3 0-1

[Event "Opatija op 2nd"]
[Site "Opatija"]
[Date "2014.07.01"]
[Round "3"]
[White "Rukavina, Josip"]
[Black "Beric, Zeljko"]
[Result "1-0"]
[WhiteElo "2410"]
[BlackElo "1884"]
[PlyCount "49"]
[EventDate "2014.06.29"]
[EventType "swiss"]
[EventRounds "9"]
[EventCountry "CRO"]
[SourceTitle "CBM 161 Extra"]
[Source "ChessBase"]
[SourceDate "2014.08.29"]
[SourceVersion "1"]
[SourceVersionDate "2014.08.29"]
[SourceQuality "1"]

1. Nf3 c5 2. c4 Nc6 3. Nc3 e5 4. g3 f5 5. d3 Nf6 6. Bg2 Be7 7. 0-0 0-0 8. Ne1 d6 9. Nc2 a6 10. Ne3 Qe8 11. Ned5 Bd8 12. e3 Nxd5 13. Nxd5 Ne7 14. Rb1 Ra7 15. d4 Nxd5 16. Bxd5+ Kh8 17. dxc5 dxc5 18. b3 f4 19. exf4 exf4 20. Bxf4 Rxf4 21. gxf4 Bf5 22. Rb2 Bf6 23. Re2 Qg6+ 24. Kh1 h5 25. Rg1 1-0

[Event "Opatija op 2nd"]
[Site "Opatija"]
[Date "2014.06.30"]
[Round "2"]
[White "Causevic, Miro"]
[Black "Beric, Zeljko"]
[Result "0-1"]
[WhiteElo "1616"]
[BlackElo "1884"]
[PlyCount "44"]
[EventDate "2014.06.29"]
[EventType "swiss"]
[EventRounds "9"]
[EventCountry "CRO"]
[SourceTitle "CBM 161 Extra"]
[Source "ChessBase"]
[SourceDate "2014.08.29"]
[SourceVersion "1"]
[SourceVersionDate "2014.08.29"]
[SourceQuality "1"]

1. e4 e5 2. f4 exf4 3. Nf3 g5 4. Bc4 Nc6 5. d4 Bg7 6. c3 h6 7. 0-0 d6 8. b4 Nge7 9. h3 0-0 10. Nh2 d5 11. exd5 Nxd5 12. Rf3 Bf5 13. Kh1 Be4 14. Bxd5 Qxd5 15. Rf2 Ne5 16. a4 Nd3 17. Rd2 Bxg2+ 18. Kg1 Bxh3 19. Nf3 Nxc1 20. c4 Qe4 21. Ra3 Qxb1 22. Rc2 Ne2+ 0-1

[Event "Opatija op 2nd"]
[Site "Opatija"]
[Date "2014.06.29"]
[Round "1"]
[White "Beric, Zeljko"]
[Black "Plenca, Julian"]
[Result "0-1"]
[WhiteElo "1884"]
[BlackElo "2342"]
[PlyCount "84"]
[EventDate "2014.06.29"]
[EventType "swiss"]
[EventRounds "9"]
[EventCountry "CRO"]
[SourceTitle "CBM 161 Extra"]
[Source "ChessBase"]
[SourceDate "2014.08.29"]
[SourceVersion "1"]
[SourceVersionDate "2014.08.29"]
[SourceQuality "1"]

1. e4 c5 2. d4 cxd4 3. Nf3 d6 4. c3 Nf6 5. Bd3 dxc3 6. Nxc3 g6 7. e5 dxe5 8. Bb5+ Nfd7 9. Nxe5 Bg7 10. Bf4 0-0 11. Nf3 Nc6 12. 0-0 Nde5 13. Nxe5 Bxe5 14. Bxe5 Nxe5 15. Qe2 Ng4 16. h3 Nf6 17. Rfd1 Qc7 18. Rac1 Qf4 19. Qxe7 a6 20. g3 Qf5 21. Bc4 Be6 22. Bxe6 fxe6 23. g4 Nxg4 24. hxg4 Qxf2+ 25. Kh1 Rae8 26. Qd6 Qf3+ 27. Kh2 Qf2+ 28. Kh1 Rf4 29. Rd2 Qe3 30. Rg1 Qf3+ 31. Rgg2 Qh3+ 32. Kg1 Qe3+ 33. Kh1 Rf1+ 34. Kh2 Rf3 35. Kh1 Ref8 36. Rd1 Rh3+ 37. Rh2 Qf3+ 38. Kg1 Rg3+ 39. Qxg3 Qxg3+ 40. Rg2 Qe3+ 41. Kh1 b5 42. a3 Qf3 0-1

[Event "Rijeka Liburnija op 05"]
[Site "Rijeka"]
[Date "2014.05.21"]
[Round "2"]
[White "Beric, Zeljko"]
[Black "Racki, Barbara"]
[Result "1-0"]
[WhiteElo "1840"]
[BlackElo "1925"]
[PlyCount "43"]
[EventDate "2014.05.20"]
[EventType "swiss"]
[EventRounds "9"]
[EventCountry "CRO"]
[SourceTitle "CBM 160 Extra"]
[Source "ChessBase"]
[SourceDate "2014.07.01"]
[SourceVersion "1"]
[SourceVersionDate "2014.07.01"]
[SourceQuality "1"]

1. e4 e5 2. Nf3 Nc6 3. Bc4 Bc5 4. b4 Bxb4 5. c3 Be7 6. d4 Na5 7. Be2 b6 8. 0-0 Bb7 9. dxe5 Bxe4 10. Na3 Bxa3 11. Bxa3 Ne7 12. Qa4 Bf5 13. Nd4 Bg6 14. f4 Nf5 15. Nxf5 Bxf5 16. g4 Be6 17. f5 Bd5 18. Qd4 Bb7 19. e6 c5 20. Qxg7 Rf8 21. Bb5 Ke7 22. Bc1 1-0